000 00228nam a22000857a 4500
008 160921b xxu||||| |||| 00| 0 eng d
100 _9693
_aVashista R.N
245 _aGolden English Core-XII
260 _aNew Delhi
_bAP publication
_c2012
999 _c3350
_d3350